| 000 | 00609cam a22002052 4500 | ||
|---|---|---|---|
| 001 | 0000019730 | ||
| 005 | 20151217145919.0 | ||
| 008 | 110124s xx 000 0 eng d | ||
| 020 | _a1847030085 : | ||
| 040 |
_aKABU _cKABU |
||
| 100 | 1 |
_aSimmonds, N. E. _@0000179639 |
|
| 245 | 1 | 0 |
_aCentral issues in jurisprudence : _bjustice, law and rights / _cN. E. Simmonds. |
| 250 | _a3rd ed. | ||
| 260 |
_aLondon : _bSweet & Maxwell, _c2008. |
||
| 300 | _ax, 340 p. | ||
| 650 | 0 |
_aJurisprudence. _@0000153282 |
|
| 852 | 1 | _9p2725 KES | |
| 908 | _a110124 | ||
| 950 | _@1 | ||
| 999 |
_c4007 _d4007 |
||